Constructivismo y educación / (Registro nro. 761)
[ vista simple ]
| 000 -LEADER | |
|---|---|
| fixed length control field | 00693 am a2200229 a 4500 |
| 005 - FECHA ULTIMA MODIFICACION | |
| control field | 20240627104534.0 |
| 008 - CAMPO DE CONTROL (LIBRO) | |
| fixed length control field | 100924s1993||||ag # f |||| 001 0 spa d |
| 020 ## - INTERNATIONAL STANDARD BOOK NUMBER | |
| ISBN | 9507012621 |
| 041 ## - CODIGO DE IDIOMA | |
| Código de idioma del texto/pista de sonido o título separado | spa |
| 092 ## - SIGNATURA TOPOGRAFICA DEWEY LOCAL | |
| número de clasificación | 150.19 |
| libristica | 48 |
| sección | CAR |
| 100 1# - ENTRADA PRINCIPAL--NOMBRE PERSONAL | |
| Nombre personal | Carretero, Mario. |
| 9 (RLIN) | 1517 |
| 245 ## - TITULO PROPIAMENTE DICHO | |
| Título | Constructivismo y educación / |
| Mención de responsabilidad y remanente de la transcripción de la portada | Mario Carretero. |
| 250 ## - MENCION DE EDICION | |
| Mención de edición | 3a ed. |
| 260 ## - PIE DE IMPRENTA | |
| Lugar de publicación, distribución, etc | Buenos Aires: |
| Nombre de la editorial, distribuidor, etc | Aique; |
| Fecha de publicación | 1993. |
| 300 ## - DESCRIPCION FISICA | |
| Extension | 126 p. |
| 500 ## - NOTA GENERAL | |
| Nota general | Carretero, M. (1993). Constructivismo y educación. (3a ed.). Buenos Aires : Aique. |
| 653 ## - TÉRMINO INDIZADO - PALABRAS CLAVES | |
| Palabra clave | Qué es el constructivismo? |
| 653 ## - TÉRMINO INDIZADO - PALABRAS CLAVES | |
| Palabra clave | Desarrollo cognitivo y aprendizaje |
| 653 ## - TÉRMINO INDIZADO - PALABRAS CLAVES | |
| Palabra clave | Comprensión y motivación |
| 930 ## - NUMERO DE INVENTARIO | |
| Número de inventario | 204 |
| 942 ## - ADDED ENTRY ELEMENTS (KOHA) | |
| Source of classification or shelving scheme | Dewey Decimal Classification |
| Item type | Libros |
| Estado de retiro | Existencia | Estado general | No para prestamo | Ubicación permanente | ubicación actual | Sala de ubicación | Fecha de adquisición | Total Checkouts | Número de clasificación | Código de barras | Date last seen | Número de ejemplar | Price effective from | Koha tipo de elemento (item) |
|---|---|---|---|---|---|---|---|---|---|---|---|---|---|---|
| Biblioteca Medicina | Biblioteca Medicina | Circulación | 13/05/2011 | 150.19 48 CAR | 204 | 06/11/2014 | ej.1 | 13/05/2011 | Libros |